Sports Quiz

Random Sports or Football Quiz

NFL Teams by Uniform (Slideshow) Quiz Stats

 Plays Quiz not verified by Sporcle

Also try: Sports MVPs
Challenge
Share
Tweet
Score 0/32 Timer 06:00
4 Plays Today
% Correct
Cleveland Browns
96.8%
Green Bay Packers
96%
New Orleans Saints
93%
Washington Redskins
91.1%
Dallas Cowboys
90.7%
Indianapolis Colts
90.6%
Seattle Seahawks
88.7%
Houston Texans
87.5%
Minnesota Vikings
85.9%
Oakland Raiders
85.9%
Pittsburgh Steelers
85.9%
St. Louis Rams
85.2%
Miami Dolphins
84.9%
Baltimore Ravens
84.8%
Jacksonville Jaguars
84.8%
Cincinnati Bengals
84.5%
% Correct
New York Jets
84.3%
Carolina Panthers
83.5%
Tennessee Titans
83.4%
Denver Broncos
83.1%
Buffalo Bills
83%
New England Patriots
82.9%
Detroit Lions
81.7%
Chicago Bears
80.7%
Kansas City Chiefs
80.6%
Philadelphia Eagles
79.8%
Atlanta Falcons
79.3%
Arizona Cardinals
79%
San Diego Chargers
77.9%
New York Giants
72.3%
San Francisco 49ers
63%
Tampa Bay Buccaneers
46.1%

You're not logged in!

Compare scores with friends on all Sporcle quizzes.
Join for Free
OR
Log In

You Might Also Like...

Show Comments

Extras

Top Quizzes Today


Score Distribution

Your Account Isn't Verified!

In order to create a playlist on Sporcle, you need to verify the email address you used during registration. Go to your Sporcle Settings to finish the process.

Report this User

Report this user for behavior that violates our Community Guidelines.

Details: